Statistiques concernant Qui est ce rappeur US ? / Who is this rapper US?

Cliquez ici pour prendre le quiz!

Statistiques générales

  • Ce quiz a été pris 969 fois
  • Le résultat moyen est 30 sur 100

Statistiques - réponses

Réponse% Correct
Travis Scott
94%
Eminem
85%
Drake
84%
Kanye West
79%
Ice Spice
78%
Future
75%
Cardi B
73%
Pop Smoke
70%
2Pac
69%
Snoop Dogg
69%
XXXTENTACION
68%
Lil Baby
66%
Quavo
65%
21 Savage
64%
Kendrick Lamar
64%
50 Cent
63%
Lil Uzi Vert
62%
Asap Rocky
61%
Jay-Z
59%
Yeat
59%
Lil Wayne
57%
Nicki Minaj
56%
J. Cole
55%
Tyler The Creator
55%
The Notorious B.I.G.
53%
Blueface
50%
Ice Cube
50%
Offset
50%
Playboi Carti
49%
Kodak Black
46%
Lil Yachty
46%
Takeoff
46%
Roddy Ricch
45%
Gunna
44%
NBA YoungBoy
44%
Lil Tjay
41%
Lil Durk
39%
Young Thug
39%
MF DOOM
36%
Tyga
35%
Chief Keef
34%
Fetty Wap
33%
Gucci Mane
33%
Rick Ross
33%
Swae Lee
33%
Bobby Shmurda
26%
Eazy-E
26%
NAV
24%
Chance the Rapper
22%
Ludacris
22%
Meek Mill
22%
Nas
22%
Coolio
19%
DMX
17%
Ken Carson
17%
Andre 3000
14%
Busta Rhymes
14%
Big Sean
13%
Destroy Lonely
13%
Pusha T
13%
Rich The Kid
12%
Asap Ferg
11%
T.I.
11%
Famous Dex
10%
Xzibit
10%
YG
10%
Young Dolph
10%
Young Nudy
9%
Fredo Santana
8%
Nardo Wick
7%
2 Chainz
6%
Big Pun
6%
Ice-T
6%
Lil Kim
6%
Method Man
6%
Common
5%
Key Glock
5%
Lil Jon
5%
LUCKI
5%
Pooh Shiesty
5%
Rakim
5%
Waka Flocka Flame
5%
Ol' Dirty Bastard
4%
ScHoolboy Q
4%
LL COOL J
3%
Mos Def
3%
Raekwon
3%
Redman
3%
EST Gee
2%
Ghostface Killah
2%
Jay Rock
2%
SahBabii
2%
Big Scarr
1%
Cam'ron
1%
Jeezy
1%
Jim Jones
1%
Juicy J
1%
KANKAN
1%
THOUXANBANFAUNI
1%
HoodRich Pablo Juan
0%

Distribution des résultats

Percentile par nombre de réponses

% des personnes avec chaque résultat

Votre développement - résultats

Vous n’avez pas pris ce quiz